000 00713nam a2200229Ia 4500
003 GCL
008 140319s9999 xx 000 0 ara d
040 _aGCL /
_cGCL
082 0 4 _a189.1
_bع ن
100 1 _aمحمد عاطف العراقى
245 1 0 _aالنزعة العقلية فى فلسفة بن رشد /
_cمحمد عاطف العراقى
260 _a[S.N] :
_bدار المعارف ،
_c1993
300 _a395 ص
490 _a
650 0 4 _aالفلسفة الاسلامية
650 0 4 _aالفلسفة
650 0 4 _aالفلسفة العقلية
650 0 4 _aالفلاسفة المسلمون
650 0 4 _aالمعرفة
650 0 4 _aالفلاسفة العرب
942 _2ddc
_cBK
999 _c27524
_d27524